Normal view
MARC view
Entry Personal Name
001 - CONTROL NUMBER
- control field: 70049
003 - CONTROL NUMBER IDENTIFIER
- control field: dpl
005 - DATE AND TIME OF LATEST TRANSACTION
- control field: 20240814153400.0
008 - FIXED-LENGTH DATA ELEMENTS
- fixed length control field: 240814|| aca||aabn | a|a d
040 ## - CATALOGING SOURCE
- Original cataloging agency: dpl
- Transcribing agency: dpl
100 ## - HEADING--PERSONAL NAME
- Personal name: सागर, शुभम
670 ## - SOURCE DATA FOUND
- Source citation: Work cat.: (dpl)205045: सागर, शुभम, नज़दीकिया तेरी मेरी : काव्य संग्रह/, 2024
